000 01194nac a22004217a 4500
001 BR8006858
003 BR-BrBNA
005 20240105114831.0
008 230509b bl.|||m| |||| 00| 0 por d
040 _aBR-BrBNA
_bpor
_cBiblioteca Nacional de Agricultura
072 _aE15; E70
090 _a1720 BR8006858
110 1 _aComissao Estadual de Planejamento Agricola, Florianopolis, SC (Brasil)
_92047
245 1 _aAcompanhamento Conjuntural da Agricultura Catarinense - setembro 1980 [Brasil]
260 3 _aFlorianopolis, SC (Brasil):
_c1980.
300 _a55 p.
490 _aAcompanhamento Conjuntural da Agricultura Catarinense (Brazil)
_vv. 2(9)
_x
650 _aALHO
650 _aARROZ
650 _aBATATA
650 _aCEBOLA
650 _aFEIJAO
650 _aMACA
650 _aMANDIOCA
650 _aMILHO
650 _aSOJA
650 _aTOMATE
650 _aTRIGO
650 _aAVICULTURA
650 _aBOVINOCULTURA
650 _aSUINOCULTURA
650 _aCREDITO AGRICOLA
650 _aESTATISTICA DE PRODUCAO
650 _aPRECO
650 _aSANTA CATARINA
909 _a202312
_bLúcia Elande
_c55
_dLúcia Elande
942 _2AGRIS
_n0
_cMS
999 _c271564
_d271564